Les meilleurs buteurs du FFI - Inazuma Eleven - Statistiques

Statistiques générales
  • Ce quiz a été pris 945 fois
  • Le résultat moyen est 7 sur 10
Statistiques - réponses
Pays Buts Joueur % Correct
Japon 3 Axel
97%
Italie 7 Paolo
94%
Japon 3 Xavier
93%
Brésil 11 Robingo
89%
Japon 3 Austin
86%
Angleterre 4 Edgar
83%
États Unis 5 Dylan
65%
Costai 6 Drago
52%
Costai 3 Flare
23%
Argentine 7 Leonel
4%
Aucun quiz correspondant
Distribution des résultats
% des personnes avec chaque résultat
Percentile par nombre de réponses
Votre historique - résultats
Vous n’avez pas pris ce quiz